Fodor's Greece. (Record no. 374)

MARC details
000 -LEADER
fixed length control field 01313cas a2200433 4500
005 - DATE AND TIME OF LATEST TRANSACTION
control field 20260322212017.0
008 - FIXED-LENGTH DATA ELEMENTS--GENERAL INFORMATION
fixed length control field data
010 ## - LIBRARY OF CONGRESS CONTROL NUMBER
LC control number 71613011
012 ## -
-- 33-7-0311211941-p-8601 1
020 ## - INTERNATIONAL STANDARD BOOK NUMBER
International Standard Book Number 1400012988
020 ## - INTERNATIONAL STANDARD BOOK NUMBER
International Standard Book Number 9781400012985
022 ## - INTERNATIONAL STANDARD SERIAL NUMBER
International Standard Serial Number 0071-6413
040 ## - CATALOGING SOURCE
Original cataloging agency DLC
Transcribing agency CtY
Modifying agency OCoLC
-- NSDP
-- MnMULS
-- DLC
-- NST
-- OCoLC
-- MnMULS
-- InU
-- OCoLC
-- NST
-- DLC
-- DNAL
-- NST
-- OCoLC
-- NST
-- MH
-- NST
-- DLC
-- NSDP
-- OCoLC
-- OCoLC
042 ## - AUTHENTICATION CODE
Authentication code lc
-- lc
043 ## - GEOGRAPHIC AREA CODE
Geographic area code e-gr---
050 00 - LIBRARY OF CONGRESS CALL NUMBER
Classification number DF716
Item number .G742
070 0# - NATIONAL AGRICULTURAL LIBRARY CALL NUMBER
Classification number DF716.F6
072 #0 - SUBJECT CATEGORY CODE
Subject category code X800
082 ## - DEWEY DECIMAL CLASSIFICATION NUMBER
Classification number 914.95/04/7
092 ## - LOCALLY ASSIGNED DEWEY CALL NUMBER (OCLC)
Classification number 914.95 G742 2004
001 - CONTROL NUMBER
control field data
222 #0 - KEY TITLE
Key title Fodor's Greece
245 10 - TITLE STATEMENT
Title Fodor's Greece.
Statement of responsibility, etc. Eugene Fodor & William Curtis.
250 ## - EDITION STATEMENT
Edition statement 6th edition
260 ## - PUBLICATION, DISTRIBUTION, ETC.
Place of publication, distribution, etc. New York,
Name of publisher, distributor, etc. Fodor's Travel Publications,
Date of publication, distribution, etc. c2004.
300 ## - PHYSICAL DESCRIPTION
Extent 563 p.
Other physical details ill. (part col.), maps (part col.)
Dimensions 19 cm.
310 ## - CURRENT PUBLICATION FREQUENCY
Current publication frequency Annual
362 0# - DATES OF PUBLICATION AND/OR SEQUENTIAL DESIGNATION
Dates of publication and/or sequential designation 1969-
490 0# - SERIES STATEMENT
Series statement Fodor's modern guides
500 ## - GENERAL NOTE
General note Editors: 1969- E. Fodor and W. Curtis.
504 ## - BIBLIOGRAPHY, ETC. NOTE
Bibliography, etc. note Includes index.
590 ## - LOCAL NOTE (RLIN)
Local note SERBIB/SERLOC merged record
592 ## -
-- ACQN: aq 95014652
651 #0 - SUBJECT ADDED ENTRY--GEOGRAPHIC NAME
Geographic name Greece
Form subdivision Guidebooks.
700 1# - ADDED ENTRY--PERSONAL NAME
Personal name Fodor, Eugene,
Dates associated with a name 1905-
Relator term ed.
700 1# - ADDED ENTRY--PERSONAL NAME
Personal name Curtis, William,
Relator term ed.
760 0# - MAIN SERIES ENTRY
Title Fodor's modern guides
780 02 - PRECEDING ENTRY
Title Greece
Record control number (OCoLC)1413937
-- (OCoLC)1413937
Holdings
Withdrawn status Lost status Damaged status Not for loan Home library Current library Shelving location Date acquired Total checkouts Full call number Barcode Date last seen Price effective from Koha item type
        Centerville Centerville General stacks 22/03/2026   914.95/04/7 BC0010384 22/03/2026 22/03/2026 Books